000 00734nam a2200229Ia 4500
003 GCL
008 140319s9999 xx 000 0 ara d
040 _aGCL /
_cGCL
082 0 4 _a349.8
_bع ص
100 1 _aعبدالحميد الشواربى
_vPurified
_@
…هذب
245 1 0 _aالصورية فى ضوء الفقه والقضاء /
_cعبدالحميد الشواربى
700 1 _aعزالدين الدناصورى
260 _a[S.N] :
_bدار المعارف ،
_c1993
300 _a583 ص
490 _a
650 0 4 _aالقانون
650 0 4 _aالتشريع
650 0 4 _aالقانون الدستورى
650 0 4 _aاستئناف الاحكام
650 0 4 _aالادعاءات
942 _2ddc
_cBK
999 _c29502
_d29502